« Tout vit, tout agit, tout se correspond ». (notice n° 1654755)
[ vue normale ]
| 000 -LEADER | |
|---|---|
| fixed length control field | 01439cam a2200157 4500500 |
| 005 - DATE AND TIME OF LATEST TRANSACTION | |
| control field | 20260208010006.0 |
| 041 ## - LANGUAGE CODE | |
| Language code of text/sound track or separate title | fre |
| 042 ## - AUTHENTICATION CODE | |
| Authentication code | dc |
| 100 10 - MAIN ENTRY--PERSONAL NAME | |
| Personal name | Mizuno, Hisashi |
| Relator term | author |
| 245 00 - TITLE STATEMENT | |
| Title | « Tout vit, tout agit, tout se correspond ». |
| 260 ## - PUBLICATION, DISTRIBUTION, ETC. | |
| Date of publication, distribution, etc. | 2010.<br/> |
| 500 ## - GENERAL NOTE | |
| General note | 94 |
| 520 ## - SUMMARY, ETC. | |
| Summary, etc. | Chez Gérard de Nerval, dire sa propre folie est un acte poétique par excellence. Dans Aurélia, il crée une écriture autobiographique de la folie qui se calque à s’y méprendre sur le langage des aliénés et, à travers l’évocation de ses expériences de l’aliénation, cherche à explorer les rapports complexes entre le monde réel et l’autre monde entrevu au cours de ses visions insensées et chimériques. Et en les présentant comme sa « descente aux enfers » à la suite des modèles poétiques dans la tradition littéraire occidentale depuis Homère et Virgile, il tente de présenter une vision du monde rendue harmonieuse par son écriture, traitant de la folie à la première personne. La dernière folie de Nerval, celle de se croire poète, consiste à se faire voyant de l’infini, mais surtout à exprimer poétiquement la fusion du moi et de la nature dans le Grand Tout. |
| 786 0# - DATA SOURCE ENTRY | |
| Note | Revue d'histoire littéraire de la France | 110 | 2 | 2010-06-02 | p. 333-349 | 0035-2411 |
| 856 41 - ELECTRONIC LOCATION AND ACCESS | |
| Uniform Resource Identifier | <a href="https://shs.cairn.info/revue-d-histoire-litteraire-de-la-france-2010-2-page-333?lang=fr&redirect-ssocas=7080">https://shs.cairn.info/revue-d-histoire-litteraire-de-la-france-2010-2-page-333?lang=fr&redirect-ssocas=7080</a> |
Pas d'exemplaire disponible.




Réseaux sociaux